| 000 | 01095na a2200349 4500 | ||
|---|---|---|---|
| 001 | 20846 | ||
| 003 | MIRAKIL | ||
| 005 | 20181213155010.0 | ||
| 008 | 170127b tu 000 0 | ||
| 035 | _a20846 | ||
| 040 |
_aMilas _btur _cTR-AnCHP |
||
| 041 | _atur | ||
| 082 |
_aCHP 305.23 _bC36y [t.y.] |
||
| 090 | _aCHP 305.23 C36y [t.y.] | ||
| 110 | _aCumhuriyet Halk Partisi (CHP) | ||
| 222 | _aGençler programı | ||
| 245 |
_aYeni hedefler..., yeni Türkiye... _bgençlerimiz için yeni bir dünya _cCHP |
||
| 246 | _aGençlerimiz için yeni bir dünya | ||
| 260 |
_aAnkara _bCHP _c[t.y.] |
||
| 300 |
_aktl. broşür _c20 sm. |
||
| 440 |
_aCumhuriyet Halk Partisi yayınları _pBroşürler |
||
| 610 |
_aCHP _yGençlik politikaları |
||
| 610 |
_aCHP _xPropaganda ve ideolojiler _yGençlik |
||
| 610 |
_aCHP _xProgramlar _yGençler |
||
| 657 | _aCHP gençlik programı | ||
| 657 | _aCHP seçim propagandaları | ||
| 657 | _aDeğişimin gücü kampanyası | ||
| 657 | _aCHP gençlik programları | ||
| 830 | _aCHP broşürleri | ||
| 942 |
_2ddc _cBKS |
||
| 999 |
_c4554 _d4554 |
||